21st century : addressing long-term fiscal challenges must include a re-examination of mandatory spending : testimony before the Budget Committee, House of Representatives /

Bibliographic Details
Main Author: Walker, David M. (David Michael), 1951-
Corporate Authors: United States. Congress. House. Committee on the Budget, United States. Government Accountability Office
Format: Government Document eBook
Language:English
Published: [Washington, D.C.] : U.S. Government Accountability Office, [2006]
Series:Testimony ; GAO-06-456 T.
Subjects:
Online Access:Abstract:
Text version:
PDF version:

MARC

Tag First Indicator Second Indicator Subfields
LEADER 00000cam a2200000 a 4500
001 in00002194321
005 20220106090331.0
006 m d f
007 cr mn|||||||||
008 060417s2006 dcua sb f000 0 eng c
035 |a (OCoLC)ocm66900449 
037 |b GAO (202)512-6000 (voice); (202)512-6061 (Fax); (202)512-2537 (TDD)  |f paper copy 
040 |a GPO  |c GPO  |d MvI  |d UtOrBLW 
042 |a pcc 
043 |a n-us--- 
049 |a WWW 
074 |a 0546-D-01 (online) 
086 0 |a GA 1.5/2:GAO-06-456 T 
100 1 |a Walker, David M.  |q (David Michael),  |d 1951- 
245 1 0 |a 21st century :  |b addressing long-term fiscal challenges must include a re-examination of mandatory spending : testimony before the Budget Committee, House of Representatives /  |c statement of David M. Walker. 
246 3 |a Twenty-first century :  |b addressing long term fiscal challenges must include a re examination of mandatory spending 
246 3 0 |a Addressing long-term fiscal challenges must include a re-examination of mandatory spending 
264 1 |a [Washington, D.C.] :  |b U.S. Government Accountability Office,  |c [2006] 
300 |a 16 pages :  |b digital, PDF file. 
336 |a text  |b txt  |2 rdacontent 
337 |a computer  |b c  |2 rdamedia 
338 |a online resource  |b cr  |2 rdacarrier 
490 1 |a Testimony ;  |v GAO-06-456 T 
500 |a "For release ... February 15, 2006." 
500 |a Title from title screen (viewed on Apr. 3, 2006). 
500 |a Paper version available from: U.S. Government Accountability Office, 441 G St., NW, Rm. LM, Washington, D.C. 20548. 
504 |a Includes bibliographical references. 
538 |a Mode of access: Internet from GPO Access web site. Address as of 1/12/07: http://www.gao.gov/docdblite/summary.php?rptno=GAO-06-456T&accno=A46958 (abstract), http://www.gao.gov/htext/d06456t.html (text version), http://frwebgate.access.gpo.gov/cgi-bin/getdoc.cgi?dbname=gao&docid=f:d06456t.pdf (PDF version); current access available via PURL. 
500 |a Electronic resource. 
650 0 |a Government spending policy  |z United States. 
650 0 |a Entitlement spending  |z United States. 
651 0 |a United States  |x Economic conditions  |x Forecasting. 
776 0 |a Walker, David M.  |d 1951-  |t 21st century : addressing long-term fiscal challenges must include a re-examination of mandatory spending  |h 16 p.  |w (OCoLC)65183863 
710 1 |a United States.  |b Congress.  |b House.  |b Committee on the Budget. 
710 1 |a United States.  |b Government Accountability Office. 
830 0 |a Testimony ;  |v GAO-06-456 T. 
856 4 0 |3 Abstract:  |u http://www.gao.gov/docdblite/summary.php?rptno=GAO-06-456T&accno=A46958  |t 0 
856 4 0 |3 Text version:  |u http://www.gao.gov/htext/d06456t.html  |t 0 
856 4 0 |3 PDF version:  |u https://purl.fdlp.gov/GPO/LPS68219  |t 0 
999 |a MARS 
999 f f |s a5f243b6-2561-36cf-9d01-71da2cb00c49  |i 4b981709-a08b-34d7-b9f0-5915236da88f  |t 0 
952 f f |a Texas A&M University  |b College Station  |c Electronic Resources  |d Available Online  |t 0  |e GA 1.5/2:GAO-06-456 T  |h Superintendent of Documents classification 
998 f f |a GA 1.5/2:GAO-06-456 T  |t 0  |l Available Online